| 000 | 01209nam a2200313 i 4500 | ||
|---|---|---|---|
| 003 | DO-SdBNP | ||
| 005 | 20241015094212.0 | ||
| 007 | ta | ||
| 008 | 240912s1973 it r 000 0 spa d | ||
| 040 |
_aDO-SdBNP _bspa _cBNPHU _erda |
||
| 041 | _hfre | ||
| 082 | 4 |
_bG557c _222 |
|
| 100 | 1 |
_aGleijeses, Piero, _eautor _4aut. _964160 |
|
| 245 | 1 | 3 |
_aLa crise dominicaine, 1965 : _bthése présentée á l´Université de Genéve pour l´obtention du grade de docteur és sciencies politiques / _cPiero Gleijeses |
| 264 | 4 |
_aMilan, Italia : _bUniversité de Genéve, _binstitut universitaire de hautes etudes internationales, _c1973. |
|
| 300 |
_a476 páginas : _c23 cm. |
||
| 336 |
_atexto _btxt _2rdacontent |
||
| 337 |
_asin mediación _bn _2rdamedia |
||
| 338 |
_avolumen _bnc _2rdacarrier |
||
| 490 | 1 |
_athése _v240 |
|
| 500 | _ala crisis dominicana tesis presentada a la Universidad de Ginebra para obtener el título de doctor en ciencias políticas | ||
| 500 | _aLibro en Francés. | ||
| 500 | _aTesis No. 240. | ||
| 500 | _aIncluye índice de nombres de personas. | ||
| 504 | _aBibliografía : páginas 440-462. | ||
| 590 | _aInventariado, 2024/ YL | ||
| 910 | _aYLockward | ||
| 942 |
_2ddc _cLBS1 |
||
| 999 |
_c57674 _d57674 |
||